Statistics for TV channel logo quiz

Click here to take the quiz!

General Stats

  • This quiz has been taken 395 times
  • The average score is 9 of 15

Answer Stats

Answer% Correct
MTV
92%
Cartoon Network
84%
NBC
84%
Paramount
80%
BBC
77%
CNN
75%
History Channel
71%
Disney Channel
70%
The CW
69%
HGTV
66%
Telemundo
38%
TBS
37%
FS1
35%
Travel Channel
35%
Investigation Discovery
29%

Score Distribution

Percentile by Number Answered

Percent of People with Each Score

Your Score History

You have not taken this quiz